Statistics for Asian Geography B

Click here to take the quiz!

General Stats

  • This quiz has been taken 23 times
  • The average score is 11 of 13

Answer Stats

HintAnswer% Correct
Capital of ThailandBangkok
100%
Capital of IraqBaghdad
95%
7th most populated country in the worldBangladesh
95%
Capital of ChinaBeijing
95%
Capital of LebanonBeirut
95%
The country that is squashed between India and ChinaBhutan
95%
Old name of MyanmarBurma
95%
Capital of AzerbaijanBaku
91%
A country on the Persian Gulf whose flag is very similar to QatarBahrain
82%
The country that is near the equatorBrunei
82%
Main language of MyanmarBurmese
77%
Island of the country near the equator and MalaysiaBorneo
64%
Capital of KyrgyzstanBishkek
50%

Score Distribution

Percentile by Number Answered

Percent of People with Each Score

Your Score History

You have not taken this quiz